01218 2200205 4500001002100000005001500021035002000036008004100056245004200097100001800139250000600157260003800163300001200201084001400213082000800227650001000235520074300245990001200988990001201000INLIS00000000000086820240604094633 a0010-0524000103240604 1 ind 1 aGood ( Bye ) Resember /cNila Maulida aMaulida, Nila a1 aYogyakarta :bSheila/ Andi,c2018 a378 hlm a813 NIL g a813 4aFiksi aGood (Bye) Resember! Remember To December merupakan judul dari sebuah novel yang ditulis oleh Nila Maulida. Novel ini akan menceritakan tentang pertemuan antara tokoh yang bernama Brilliant dan Resember. Berkat pertemuannya di lorong rumah sakit, mereka dapat merubah hal yang tidak disengaja tersebut menjadi sebuah kisah cinta. Namun memang, di dunia ini tidak ada yang abadi. Salah satu dari mereka harus pergi untuk waktu yang tidak akan pernah kembali. Novel ini memiliki cerita kisah cinta yang menarik. Selain itu, novel ini juga memiliki alur cerita dan konflik yang sederhana namun akan sangat menyentuh hati para pembacanya. Novel ini sangat cocok untuk dibaca oleh para penggemar novel terlebih lagi novel dengan genre romance. a0741336 a0741337